Представление документа в формате MARC21

Поле Инд. ПП Название Значение
Тип записи a
Библиографический уровень a
001 Контрольный номер RU/IS/BASE/446653655
005 Дата корректировки 20140225142735.3
020 a ISBN 978-5-7609-0781-3
040 a Служба первич. каталог. НБ ТвГУ
b Код языка каталог. rus
e Правила каталог. PSBO
041 0_ a Код языка текста rus
100 1_ a Автор Еремина Жанна Юрьевна
q Полное имя Еремина Ж. Ю.
245 10 a Заглавие Особенности развития профессиональной культурологической компетентности менеджера (в период последипломного образования)
260 a Место издания Москва
b Издательство Тверской государственный университет
c Дата издания 2012
504 a Библиография Библиогр.: с. 80 (3 назв.)
520 a Аннотация Рассматриваются особенности международных требований к уровню подготовки менеджера.
653 a Ключевые слова Бизнес-образование
653 1_ a Ключевые слова Менеджер
653 1_ a Ключевые слова Профессиональная компетентность
653 1_ a Ключевые слова Последипломное образование
653 1_ a Ключевые слова Культура знаний
653 1_ a Ключевые слова Деловая культура
653 1_ a Ключевые слова Культура труда
653 1_ a Ключевые слова Культурная интеграция
653 1_ a Ключевые слова Творческие способности людей
653 1_ a Ключевые слова Культура производства
653 1_ a Ключевые слова Культура
653 1_ a Ключевые слова Бизнес
773 08 w Контрольный № источника RU/IS/BASE/429802814
t Название источника Язык и коммуникация в контексте образования и культуры
d Место и дата издания Москва ; Тверь : Тверской государственный университет, 2012
g Прочая информация Вып. 4. - С. 73-80
901 t Тип документа a
920 a Оператор Нови